000 00390nam a2200169Ia 4500
008 221030s9999 xx 000 0 und d
020 _a0074639749
041 _aEnglish
082 _a105.23
_bVoh
100 _aN. D. Vohra
245 0 _aQuantitative Techniques in Management
250 _a2nd
260 _bTMH
_aNew Delhi
_c2004
300 _a929
650 _aManagement
942 _cBK
999 _c1904
_d1904